[Event "Quenza op 14th"]
[Site "Quenza"]
[Date "2025.07.06"]
[Round "9"]
[White "Bellahcene, Bilel"]
[Black "Roux, Baptiste"]
[Result "1-0"]
[WhiteElo "2513"]
[BlackElo "2381"]
[PlyCount "95"]
[EventDate "2025.07.06"]
[EventType "swiss (blitz)"]
[EventRounds "9"]
[EventCountry "FRA"]
[SourceTitle "CB29_2025"]
[SourceDate "2025.07.16"]
[SourceVersion "1"]
[SourceVersionDate "2025.07.16"]
[SourceQuality "1"]

1. e4 c5 2. Nf3 Nc6 3. Bb5 e6 4. Bxc6 bxc6 5. d3 Ne7 6. h4 h5 7. Qe2 f6 8. b3 e5 9. c4 d6 10. Nc3 Bg4 11. Qe3 Ng6 12. Ng1 Be7 13. g3 Qd7 14. f3 Be6 15. Bd2 Rb8 16. 0-0-0 Nf8 17. Qf2 Bf7 18. Nge2 Ne6 19. g4 Nd4 20. Rdg1 hxg4 21. fxg4 Kd8 22. Ng3 Be6 23. Nf5 g6 24. Nxe7 Kxe7 25. Qg2 Rbf8 26. Be3 Kd8 27. Kb2 Kc7 28. Na4 Rf7 29. Rh3 f5 30. gxf5 gxf5 31. exf5 Bxf5 32. Rg3 Rxh4 33. Qd2 Kb7 34. Rg8 Nf3 35. Qa5 Qc7 36. Qxc7+ Rxc7 37. Rf1 Rh3 38. Rf8 Bg4 39. Ka3 Re7 40. b4 cxb4+ 41. Kxb4 c5+ 42. Ka5 Nh2 43. Rb1+ Kc7 44. Bg5 Rg7 45. Bd8+ Kd7 46. Rb7+ Kc6 47. Rxg7 Rxd3 48. Rc7# 1-0

[Event "Quenza op 14th"]
[Site "Quenza"]
[Date "2025.07.06"]
[Round "4"]
[White "Roux, Baptiste"]
[Black "Lagarde, Maxime"]
[Result "0-1"]
[WhiteElo "2381"]
[BlackElo "2618"]
[PlyCount "76"]
[EventDate "2025.07.06"]
[EventType "swiss (blitz)"]
[EventRounds "9"]
[EventCountry "FRA"]
[SourceTitle "CB29_2025"]
[SourceDate "2025.07.16"]
[SourceVersion "1"]
[SourceVersionDate "2025.07.16"]
[SourceQuality "1"]

1. e4 c5 2. Nf3 d6 3. d4 cxd4 4. Nxd4 Nf6 5. Nc3 g6 6. Be3 Bg7 7. f3 Nc6 8. Qd2 0-0 9. Bc4 Bd7 10. h4 Rc8 11. Bb3 h5 12. 0-0-0 Ne5 13. Bg5 Nc4 14. Qd3 b5 15. Kb1 Qa5 16. Bxf6 exf6 17. Nd5 Rfe8 18. c3 Rc5 19. g4 hxg4 20. h5 f5 21. h6 Be5 22. fxg4 f4 23. h7+ Kh8 24. Bxc4 bxc4 25. Qf3 g5 26. Rh5 f6 27. Rh6 Rb8 28. Nxf6 Qa3 29. Nb3 Rxb3 30. axb3 Qxb3 31. Rd5 Rxd5 32. exd5 Ba4 33. Qe2 f3 34. Qxf3 Qc2+ 35. Ka2 Qc1 36. Ne4 Bb3+ 37. Ka3 Qa1+ 38. Kb4 Qa4# 0-1

[Event "Ceyreste Cassis op 2nd"]
[Site "Ceyreste"]
[Date "2025.05.29"]
[Round "1"]
[White "Djoudi, Labir"]
[Black "Roux, Baptiste"]
[Result "1/2-1/2"]
[WhiteElo "1995"]
[BlackElo "2374"]
[PlyCount "80"]
[EventDate "2025.05.29"]
[EventType "swiss"]
[EventRounds "7"]
[EventCountry "FRA"]
[SourceTitle "CB23_2025"]
[SourceDate "2025.06.04"]
[SourceVersion "1"]
[SourceVersionDate "2025.06.04"]
[SourceQuality "1"]

1. d4 d5 2. Nf3 Nf6 3. c4 dxc4 4. e3 a6 5. Bxc4 b5 6. Be2 Bb7 7. 0-0 e6 8. a4 b4 9. Nbd2 Nbd7 10. a5 c5 11. Nc4 Be7 12. Bd2 cxd4 13. Nxd4 0-0 14. Qe1 Rb8 15. f3 g6 16. e4 Ne5 17. Be3 Nxc4 18. Bxc4 Bc5 19. Nb3 Bxe3+ 20. Qxe3 Nd7 21. Rfd1 Qe7 22. Be2 e5 23. Rd2 Rfc8 24. Rad1 Nf8 25. Rd6 Ne6 26. g3 Nd4 27. Rb6 Nxe2+ 28. Qxe2 Rc7 29. Qd2 Rbc8 30. Qxb4 Qxb4 31. Rxb4 Bc6 32. Rc4 Bb5 33. Rxc7 Rxc7 34. Rd2 Ba4 35. Rd8+ Kg7 36. Nd2 Rc2 37. b3 Bb5 38. Nc4 Rc3 39. Nd6 Rd3 40. Ne8+ Kf8 1/2-1/2

[Event "FRA-ch U20"]
[Site "Vichy"]
[Date "2025.05.04"]
[Round "9"]
[White "Robert, Yoann"]
[Black "Roux, Baptiste"]
[Result "0-1"]
[WhiteElo "2198"]
[BlackElo "2342"]
[PlyCount "132"]
[EventDate "2025.04.27"]
[EventType "swiss"]
[EventRounds "9"]
[EventCountry "FRA"]
[SourceTitle "CB19_2025"]
[SourceDate "2025.05.07"]
[SourceVersion "1"]
[SourceVersionDate "2025.05.07"]
[SourceQuality "1"]

1. f4 d5 2. Nf3 Nf6 3. g3 c5 4. Bg2 Nc6 5. d3 Bf5 6. 0-0 e6 7. Nc3 d4 8. e4 Bg4 9. Ne2 Qc7 10. a4 Be7 11. Nd2 Nd7 12. h3 Bxe2 13. Qxe2 0-0 14. c4 dxc3 15. bxc3 a6 16. Bb2 b5 17. axb5 axb5 18. Kh1 Rxa1 19. Re1 Rb1 20. Rxb1 b4 21. Ra1 Rb8 22. cxb4 Rb5 23. Nc4 Rxb4 24. Bc3 Rb8 25. e5 Nb6 26. Nxb6 Qxb6 27. Qe4 Nb4 28. Rb1 Qa6 29. Qc4 Qxc4 30. dxc4 Rd8 31. Be4 h5 32. h4 Na2 33. Ba5 Rd4 34. Bc2 Nb4 35. Bd1 Nc6 36. Be1 Rxc4 37. Bxh5 Nd4 38. Kg2 Rc2+ 39. Bf2 g6 40. Bd1 Rd2 41. Kf1 Kg7 42. Ke1 Ra2 43. Rb7 Bd8 44. Bxd4 cxd4 45. Bb3 Rb2 46. Bd5 Bb6 47. Be4 d3 48. Kd1 Rb1+ 49. Kd2 Rb3 50. g4 Ba5+ 51. Kd1 Ra3 52. Rb1 Ra2 53. f5 gxf5 54. gxf5 Rd2+ 55. Kc1 Rc2+ 56. Kd1 Re2 57. f6+ Kh6 58. Bxd3 Rd2+ 59. Kc1 Rxd3 60. Rb7 Kg6 61. h5+ Kf5 62. Rxf7 Kxe5 63. h6 Bd8 64. h7 Rh3 65. Kd2 Bxf6 66. Ke2 Kf5 0-1

[Event "FRA-ch U20"]
[Site "Vichy"]
[Date "2025.04.28"]
[Round "3"]
[White "Roux, Baptiste"]
[Black "Lardy, Gregoire"]
[Result "1-0"]
[WhiteElo "2342"]
[BlackElo "1803"]
[PlyCount "35"]
[EventDate "2025.04.27"]
[EventType "swiss"]
[EventRounds "9"]
[EventCountry "FRA"]
[SourceTitle "CB19_2025"]
[SourceDate "2025.05.07"]
[SourceVersion "1"]
[SourceVersionDate "2025.05.07"]
[SourceQuality "1"]

1. e4 e6 2. d4 d5 3. Nd2 Nc6 4. Ngf3 Nf6 5. e5 Nd7 6. c3 f6 7. exf6 Qxf6 8. Be2 Bd6 9. Nf1 0-0 10. Ng3 Qf7 11. 0-0 h6 12. c4 b6 13. a3 a5 14. Qc2 Nd8 15. Bd3 Qe7 16. cxd5 exd5 17. Re1 Qf6 18. Nh5 1-0

[Event "Cannes op 38th"]
[Site "Cannes"]
[Date "2025.02.25"]
[Round "3"]
[White "Chen, Qi B"]
[Black "Roux, Baptiste"]
[Result "1/2-1/2"]
[WhiteElo "2478"]
[BlackElo "2321"]
[PlyCount "77"]
[EventDate "2025.02.24"]
[EventType "swiss"]
[EventRounds "9"]
[EventCountry "FRA"]
[SourceTitle "CB10_2025"]
[SourceDate "2025.03.05"]
[SourceVersion "1"]
[SourceVersionDate "2025.03.05"]
[SourceQuality "1"]

1. e4 c5 2. Nf3 Nc6 3. Bb5 e6 4. 0-0 Nge7 5. d4 cxd4 6. Nxd4 Qb6 7. Nxc6 bxc6 8. Be2 Ng6 9. c4 Bc5 10. Nc3 Qc7 11. Rb1 Rb8 12. Na4 Bd6 13. g3 c5 14. f4 Be7 15. Be3 d6 16. h4 Bb7 17. Nc3 Bc6 18. Qd3 Bf6 19. Nb5 Bxb5 20. cxb5 0-0 21. Rfc1 Rfd8 22. b4 Qb7 23. a4 Nf8 24. Qc4 d5 25. exd5 exd5 26. Qxc5 d4 27. Bf2 Rbc8 28. Qf5 Rxc1+ 29. Rxc1 Qe7 30. Bd3 Qxb4 31. Rc4 Qd2 32. Rc7 Qa5 33. Rb7 Qxa4 34. g4 Rd6 35. g5 g6 36. Qc5 Rb6 37. Rc7 Qd1+ 38. Bf1 Bd8 39. Rxa7 1/2-1/2

[Event "Hastings Masters op 98th"]
[Site "Hastings"]
[Date "2025.01.03"]
[Round "9"]
[White "Roux, Baptiste"]
[Black "Gasanov, Eldar"]
[Result "0-1"]
[WhiteElo "2338"]
[BlackElo "2476"]
[PlyCount "102"]
[EventDate "2024.12.28"]
[EventType "swiss"]
[EventRounds "9"]
[EventCountry "ENG"]
[SourceTitle "CB02_2025"]
[SourceDate "2025.01.08"]
[SourceVersion "1"]
[SourceVersionDate "2025.01.08"]
[SourceQuality "1"]

1. e4 e5 2. Nf3 Nc6 3. Bb5 a6 4. Ba4 Nf6 5. 0-0 Be7 6. Re1 b5 7. Bb3 d6 8. c3 0-0 9. d4 Bg4 10. Be3 Bh5 11. h3 exd4 12. cxd4 Na5 13. Bc2 Nc4 14. Bc1 d5 15. e5 Ne4 16. Nc3 Nxc3 17. bxc3 Qd7 18. g4 Bg6 19. Nh2 c5 20. f4 Bxc2 21. Qxc2 cxd4 22. cxd4 f5 23. exf6 Bxf6 24. Nf3 Rae8 25. Rxe8 Rxe8 26. a4 b4 27. Rb1 a5 28. Ne5 Qa7 29. Qf2 Rf8 30. Nf3 Qe7 31. Rb3 Qe4 32. f5 h6 33. Kh2 Rc8 34. Kg3 Nd6 35. Bf4 Rc2 36. Qf1 Qe7 37. h4 h5 38. Re3 Ne4+ 39. Kh3 Nf2+ 40. Kg3 Ne4+ 41. Kh3 Qd7 42. Qb5 Nf2+ 43. Kg3 Ne4+ 44. Kh3 Qf7 45. Ng5 Bxg5 46. hxg5 g6 47. Qb8+ Qf8 48. Qb6 hxg4+ 49. Kh4 Qxf5 50. Qd8+ Kf7 51. Qxa5 Rh2+ 0-1

[Event "Hastings Masters op 98th"]
[Site "Hastings"]
[Date "2024.12.29"]
[Round "3"]
[White "Roux, Baptiste"]
[Black "Brown, Thomas"]
[Result "1-0"]
[WhiteElo "2338"]
[BlackElo "2118"]
[PlyCount "49"]
[EventDate "2024.12.28"]
[EventType "swiss"]
[EventRounds "9"]
[EventCountry "ENG"]
[SourceTitle "CB02_2025"]
[SourceDate "2025.01.08"]
[SourceVersion "1"]
[SourceVersionDate "2025.01.08"]
[SourceQuality "1"]

1. e4 c5 2. Nf3 g6 3. d4 cxd4 4. Nxd4 Nf6 5. Nc3 d6 6. Be3 Nc6 7. f3 h5 8. Qd2 Nxd4 9. Bxd4 Bh6 10. Qf2 Qa5 11. Bc4 e5 12. Be3 Bxe3 13. Qxe3 Qc5 14. Qxc5 dxc5 15. 0-0-0 Be6 16. Bxe6 fxe6 17. Rd6 Ke7 18. Rhd1 Nd5 19. Nb5 Ne3 20. Rd7+ Kf6 21. R1d2 Nc4 22. R2d3 a6 23. Nd6 Nxd6 24. R3xd6 b5 25. Rc7 1-0

[Event "Cap d'Agde op 22nd"]
[Site "Cap d'Agde"]
[Date "2024.10.27"]
[Round "3"]
[White "Roux, Baptiste"]
[Black "Bellahcene, Bilel"]
[Result "0-1"]
[WhiteElo "2370"]
[BlackElo "2519"]
[PlyCount "82"]
[EventDate "2024.10.26"]
[EventType "swiss"]
[EventRounds "9"]
[EventCountry "FRA"]
[SourceTitle "CB45_2024"]
[Source "ChessBase"]
[SourceDate "2024.11.06"]
[SourceVersion "1"]
[SourceVersionDate "2024.11.06"]
[SourceQuality "1"]

1. e4 c5 2. Nf3 d6 3. d4 cxd4 4. Nxd4 Nf6 5. Nc3 a6 6. a3 e5 7. Nf5 d5 8. Bg5 d4 9. Bxf6 Qxf6 10. Nd5 Qc6 11. c4 Nd7 12. Bd3 g6 13. Ng3 b6 14. b4 Bg7 15. Ne2 Qd6 16. Nc1 0-0 17. Nb3 Bb7 18. Rc1 Rfc8 19. Qd2 a5 20. 0-0 axb4 21. axb4 Bf8 22. f4 Bxd5 23. cxd5 Qxb4 24. Qxb4 Bxb4 25. Bb5 Nc5 26. Nxc5 Rxc5 27. Bc6 Ra2 28. fxe5 d3 29. Rxc5 Bxc5+ 30. Kh1 Re2 31. Bb5 Re3 32. g3 d2 33. Kg2 Re1 34. Ba4 Rxe4 35. Bb3 Re2+ 36. Kh3 Re3 37. Bc2 Rxe5 38. Bb3 Re3 39. Bc2 Re1 40. Kg2 Kf8 41. Bb3 Ke7 0-1

[Event "FRA-ch Accession 97th"]
[Site "L'Alpe d'Huez"]
[Date "2024.08.25"]
[Round "9"]
[White "Roux, Baptiste"]
[Black "Savina, Anastasia"]
[Result "0-1"]
[WhiteElo "2353"]
[BlackElo "2321"]
[PlyCount "58"]
[EventDate "2024.08.17"]
[EventType "swiss"]
[EventRounds "9"]
[EventCountry "FRA"]
[SourceTitle "CBM 221 Extra"]
[Source "ChessBase"]
[SourceDate "2024.09.30"]
[SourceVersion "1"]
[SourceVersionDate "2024.09.30"]
[SourceQuality "1"]

1. e4 e5 2. Nf3 Nc6 3. Bb5 a6 4. Ba4 Nf6 5. 0-0 Be7 6. Re1 b5 7. Bb3 d6 8. c3 0-0 9. d4 Bg4 10. Be3 Bh5 11. h3 exd4 12. cxd4 Na5 13. Bc2 Nc4 14. Bc1 d5 15. e5 Ne4 16. Bxe4 dxe4 17. Rxe4 f6 18. b3 Nxe5 19. Nbd2 Nc6 20. Bb2 f5 21. Re6 Qd5 22. Qe2 Bb4 23. Rc1 Rae8 24. Rxe8 Rxe8 25. Qd3 f4 26. Nf1 Bxf3 27. gxf3 Ne5 28. Qd1 Nxf3+ 29. Kh1 Re1 0-1

[Event "FRA-ch Accession 97th"]
[Site "L'Alpe d'Huez"]
[Date "2024.08.21"]
[Round "5"]
[White "Bournel, Antoine"]
[Black "Roux, Baptiste"]
[Result "1/2-1/2"]
[WhiteElo "2368"]
[BlackElo "2353"]
[PlyCount "60"]
[EventDate "2024.08.17"]
[EventType "swiss"]
[EventRounds "9"]
[EventCountry "FRA"]
[SourceTitle "CBM 221 Extra"]
[Source "ChessBase"]
[SourceDate "2024.09.30"]
[SourceVersion "1"]
[SourceVersionDate "2024.09.30"]
[SourceQuality "1"]

1. e4 c5 2. Nf3 e6 3. d4 cxd4 4. Nxd4 Nf6 5. Nc3 Nc6 6. Ndb5 Bc5 7. Nd6+ Ke7 8. Bf4 e5 9. Nf5+ Kf8 10. Bg5 d6 11. Ne3 h6 12. Bxf6 Qxf6 13. Bc4 Be6 14. 0-0 g6 15. Ncd5 Qd8 16. c3 Rc8 17. Qe2 Kg7 18. Rad1 Na5 19. Bd3 Bxe3 20. fxe3 Bxd5 21. exd5 Qc7 22. Qg4 Rhf8 23. Rf3 h5 24. Qg5 Qd8 25. Rxf7+ Rxf7 26. Qxg6+ Kf8 27. Qh6+ Kg8 28. Qg6+ Kf8 29. Qh6+ Kg8 30. Qg6+ Kf8 1/2-1/2

[Event "FRA-ch Accession 97th"]
[Site "L'Alpe d'Huez"]
[Date "2024.08.19"]
[Round "3"]
[White "Roux, Baptiste"]
[Black "Antao, Amory"]
[Result "1-0"]
[WhiteElo "2353"]
[BlackElo "2079"]
[PlyCount "127"]
[EventDate "2024.08.17"]
[EventType "swiss"]
[EventRounds "9"]
[EventCountry "FRA"]
[SourceTitle "CBM 221 Extra"]
[Source "ChessBase"]
[SourceDate "2024.09.30"]
[SourceVersion "1"]
[SourceVersionDate "2024.09.30"]
[SourceQuality "1"]

1. e4 e5 2. Nf3 Nf6 3. Nxe5 d6 4. Nf3 Nxe4 5. Nc3 Nxc3 6. dxc3 Be7 7. Be3 0-0 8. Qd2 Nd7 9. 0-0-0 c6 10. h4 Re8 11. Kb1 d5 12. Nd4 Ne5 13. h5 Ng4 14. Bf4 Bd6 15. c4 Bxf4 16. Qxf4 Qf6 17. Qxf6 gxf6 18. Bd3 Nxf2 19. Rde1 Bg4 20. Rhf1 Nxd3 21. cxd3 c5 22. Nb5 Be2 23. Nc7 Bxd3+ 24. Kc1 Rxe1+ 25. Rxe1 Rd8 26. h6 Kf8 27. Nxd5 Re8 28. Rxe8+ Kxe8 29. Kd2 Bb1 30. g4 Kd7 31. Nxf6+ Ke6 32. g5 Bg6 33. Ke3 Kf5 34. Ne4 b6 35. a3 a5 36. Nd6+ Kxg5 37. Nc8 Kg4 38. Nxb6 Bf5 39. Na4 Kg5 40. Nxc5 Kxh6 41. Kf4 Bh3 42. Ne4 Kg7 43. b4 axb4 44. axb4 Kf8 45. Nf6 Ke7 46. Ke5 Bf1 47. c5 h5 48. Nxh5 Kd7 49. Ng3 Ba6 50. Nf5 f6+ 51. Kxf6 Kc6 52. Nd6 Kd5 53. Ke7 Kc6 54. Ke6 Be2 55. Ke5 Bf3 56. Kd4 Bg2 57. b5+ Kc7 58. Kc4 Bf1+ 59. Kb4 Be2 60. Nc4 Bf3 61. Ne5 Bg2 62. c6 Kd6 63. Nc4+ Kc7 64. Kc5 1-0

[Event "Purtichju op 9th"]
[Site "Porticcio"]
[Date "2024.07.02"]
[Round "6"]
[White "Roux, Baptiste"]
[Black "Lagarde, Maxime"]
[Result "0-1"]
[WhiteElo "2352"]
[BlackElo "2604"]
[PlyCount "52"]
[EventDate "2024.06.29"]
[EventType "swiss"]
[EventRounds "9"]
[EventCountry "FRA"]
[SourceTitle "CBM 221 Extra"]
[Source "ChessBase"]
[SourceDate "2024.09.30"]
[SourceVersion "1"]
[SourceVersionDate "2024.09.30"]
[SourceQuality "1"]

1. e4 e6 2. d4 d5 3. Nd2 c5 4. exd5 exd5 5. Bb5+ Bd7 6. Qe2+ Be7 7. dxc5 Nf6 8. Ngf3 0-0 9. 0-0 Re8 10. Bxd7 Nbxd7 11. Nb3 Bxc5 12. Qd3 Bb6 13. Bg5 h6 14. Bh4 Re4 15. Bg3 Qe7 16. Rfe1 Nc5 17. Nxc5 Bxc5 18. Kf1 Re8 19. c3 Qe6 20. h3 a6 21. Rad1 Qf5 22. Qd2 Rxe1+ 23. Nxe1 Ne4 24. Qf4 Qe6 25. Kg1 g5 26. Qf3 Nd2 0-1

[Event "Purtichju op 9th"]
[Site "Porticcio"]
[Date "2024.07.01"]
[Round "4"]
[White "Batsiashvili, Nino"]
[Black "Roux, Baptiste"]
[Result "1-0"]
[WhiteElo "2450"]
[BlackElo "2352"]
[PlyCount "109"]
[EventDate "2024.06.29"]
[EventType "swiss"]
[EventRounds "9"]
[EventCountry "FRA"]
[SourceTitle "CBM 221 Extra"]
[Source "ChessBase"]
[SourceDate "2024.09.30"]
[SourceVersion "1"]
[SourceVersionDate "2024.09.30"]
[SourceQuality "1"]

1. d4 d5 2. c4 dxc4 3. Nf3 Nf6 4. e3 a6 5. Bxc4 b5 6. Be2 Bb7 7. 0-0 e6 8. a4 b4 9. Nbd2 c5 10. Nc4 Nbd7 11. a5 Be7 12. dxc5 Nxc5 13. Bd2 Nd5 14. Qe1 Rb8 15. Nd4 0-0 16. Rd1 Qc7 17. f3 Bf6 18. Qg3 Qxg3 19. hxg3 Rfd8 20. Bc1 e5 21. Nf5 b3 22. e4 Nb4 23. Be3 Ne6 24. Bb6 Rxd1 25. Bxd1 Nc2 26. Bxc2 bxc2 27. Rc1 Bc6 28. Rxc2 Ba4 29. Rd2 Rc8 30. Nfd6 Rc6 31. Rd3 Be7 32. b3 Bxd6 33. Nxd6 Nd4 34. bxa4 Rxd6 35. Kf2 f6 36. Bxd4 exd4 37. Ke2 Kf7 38. Rb3 Rc6 39. Kd3 Rc5 40. Kxd4 Rxa5 41. Rb4 Kg6 42. g4 h5 43. gxh5+ Kxh5 44. Rc4 Kh4 45. g4 Kg3 46. Ke3 Kg2 47. Kf4 Kh3 48. Rd4 Rc5 49. Rd5 Rc3 50. g5 Kg2 51. Rd2+ Kh3 52. gxf6 gxf6 53. Rd6 Kg2 54. Rxf6 Rxf3+ 55. Ke5 1-0

[Event "Titled Tuesday intern op 30th Apr Late"]
[Site "Chess.com INT"]
[Date "2024.04.30"]
[Round "3"]
[White "Dobre, Claudiu Cristian"]
[Black "Roux, Baptiste"]
[Result "1-0"]
[WhiteElo "2259"]
[BlackElo "2361"]
[PlyCount "91"]
[EventDate "2024.04.30"]
[EventType "swiss (blitz)"]
[EventRounds "11"]
[EventCountry "USA"]
[SourceTitle "EXT 2025"]
[Source "ChessBase"]
[SourceDate "2024.10.14"]
[SourceVersion "1"]
[SourceVersionDate "2024.10.14"]
[SourceQuality "1"]

1. d4 c5 2. dxc5 e6 3. Nc3 Bxc5 4. Ne4 Be7 5. Nd6+ Bxd6 6. Qxd6 Nc6 7. Bd2 Qe7 8. Bf4 e5 9. Qxe7+ Ngxe7 10. Bd2 d5 11. e3 Be6 12. Nf3 f6 13. 0-0-0 0-0 14. Kb1 Rfd8 15. Be2 Rac8 16. Rhg1 a6 17. g4 b5 18. g5 f5 19. h4 e4 20. Nd4 Nxd4 21. exd4 Rc6 22. Rde1 Rdc8 23. Bd1 Rf8 24. Bb4 Rf7 25. h5 g6 26. Bxe7 Rxe7 27. f4 Bf7 28. hxg6 Bxg6 29. Re3 Kf7 30. Rh1 Ke6 31. Bh5 Rec7 32. Re2 Kf7 33. Bxg6+ hxg6 34. Rh6 Kf8 35. Rh8+ Kg7 36. Reh2 Kf7 37. R2h7+ Ke6 38. Re8+ Kd6 39. Rxc7 Kxc7 40. Re7+ Kb6 41. Kc1 a5 42. Kd2 b4 43. Rd7 e3+ 44. Kd3 Rxc2 45. Kxc2 Kc6 46. Re7 1-0

[Event "Titled Tuesday intern op 30th Apr Late"]
[Site "Chess.com INT"]
[Date "2024.04.30"]
[Round "2"]
[White "Roux, Baptiste"]
[Black "Oparin, Grigoriy"]
[Result "0-1"]
[WhiteElo "2361"]
[BlackElo "2670"]
[PlyCount "52"]
[EventDate "2024.04.30"]
[EventType "swiss (blitz)"]
[EventRounds "11"]
[EventCountry "USA"]
[SourceTitle "EXT 2025"]
[Source "ChessBase"]
[SourceDate "2024.10.14"]
[SourceVersion "1"]
[SourceVersionDate "2024.10.14"]
[SourceQuality "1"]

1. e4 c6 2. Nf3 d5 3. exd5 cxd5 4. Ne5 Nc6 5. d4 Nf6 6. Bb5 Bd7 7. Nxd7 Qxd7 8. c3 e6 9. 0-0 Bd6 10. Nd2 Qc7 11. g3 0-0 12. Re1 Rae8 13. Nf3 Ne4 14. a4 a6 15. Bd3 f5 16. Nh4 e5 17. Nf3 exd4 18. Nxd4 Nxd4 19. cxd4 f4 20. Qb3 fxg3 21. Qxd5+ Kh8 22. hxg3 Bxg3 23. Rxe4 Bxf2+ 24. Kh1 Qg3 25. Bf4 Qh3+ 26. Bh2 Qf3# 0-1

[Event "Lyon ECAM IM"]
[Site "Lyon"]
[Date "2024.04.26"]
[Round "7"]
[White "Roux, Baptiste"]
[Black "Breuil, Tristan"]
[Result "1-0"]
[WhiteElo "2361"]
[BlackElo "2281"]
[PlyCount "67"]
[EventDate "2024.04.22"]
[EventType "tourn"]
[EventRounds "9"]
[EventCountry "FRA"]
[EventCategory "5"]
[SourceTitle "CBM 220 Extra"]
[Source "ChessBase"]
[SourceDate "2024.07.31"]
[SourceVersion "1"]
[SourceVersionDate "2024.07.31"]
[SourceQuality "1"]

1. e4 c5 2. Nf3 d6 3. d4 cxd4 4. Nxd4 Nf6 5. Nc3 a6 6. Nf3 Nc6 7. Bf4 Bg4 8. h3 Bxf3 9. Qxf3 Ne5 10. Qe3 e6 11. 0-0-0 Qa5 12. Kb1 Be7 13. Bg3 0-0 14. f4 Nc6 15. Be1 Qc7 16. g4 b5 17. g5 Nd7 18. h4 Rac8 19. Bd3 Nc5 20. h5 f6 21. gxf6 Rxf6 22. Bh4 Rff8 23. Rdg1 Bxh4 24. Rxh4 Nxd3 25. Qxd3 b4 26. Ne2 Rf7 27. Rhg4 h6 28. Rg6 e5 29. f5 Kh7 30. Qg3 Kh8 31. f6 Rxf6 32. Rxf6 Nd4 33. Nxd4 exd4 34. Qf2 1-0